Taylor Swift - guess the song with no hints ⭒13 - Statistics

General Stats
  • This quiz has been taken 2,589 times
  • The average score is 206 of 360
Answer Stats
Answer % Correct
I
99%
a
98%
you
97%
You
97%
the
96%
me
92%
we
91%
We
91%
And
89%
and
89%
it
88%
It
88%
on
88%
to
88%
To
88%
your
87%
Your
87%
in
86%
My
86%
my
86%
be
84%
were
81%
we're
81%
So
80%
so
80%
go
79%
is
79%
no
79%
was
78%
of
76%
that
76%
That
76%
for
74%
All
73%
all
73%
like
73%
If
70%
one
69%
it's
66%
not
66%
can
64%
her
64%
But
63%
never
62%
have
61%
as
60%
Say
60%
at
59%
said
59%
with
59%
did
58%
would
58%
up
57%
hand
56%
night
56%
some
56%
back
55%
I'd
54%
been
53%
'Cause
51%
will
50%
Always
49%
always
49%
down,
49%
down
49%
got
49%
Great
49%
off
49%
War
49%
war,
49%
from
48%
over
45%
reached
45%
thought
45%
yours
45%
come
44%
remember
41%
survived
41%
cry
40%
dream
40%
good
40%
lost
40%
throughout
40%
something
39%
that's
39%
things
38%
Uh
38%
really
37%
took
37%
bruised
36%
crimson
36%
into
36%
more
36%
clover
35%
hair
35%
Looked
35%
place
35%
anymore
34%
bloodshed,
34%
knuckles
34%
violets
34%
maybe
33%
Maybe
33%
vowed
33%
wasn't
33%
blue,
32%
fight
32%
-huh,
32%
-huh
32%
nearly
32%
battle
31%
haze,
31%
Somewhere
31%
betrayed
30%
called
30%
fire
30%
sense
30%
sleep
30%
There's
30%
turned
30%
alone
29%
blur
29%
-talked
29%
tears
29%
trust
29%
bigger
28%
close
28%
desire,
28%
memory
28%
playin'
28%
cursed
27%
drew
27%
ego
27%
finger
27%
freely
27%
ground
27%
poppy
27%
prayer,
27%
sweet
27%
truth
27%
walls,
27%
worst
27%
garden
26%
letter
26%
punching
26%
Sucker
26%
talkin'
26%
better
25%
Broken
25%
diesel
25%
fair
25%
faith
25%
Flashes
25%
honor
25%
justified
25%
past
25%
pin
25%
poison
25%
Screamin'
25%
silence
25%
underground
25%
curtains
24%
icy
24%
plant
24%
punish
24%
swinging
24%
Tellin'
24%
closed,
23%
drank
23%
morning
23%
tomb
23%
banners
22%
glory,
22%
treaties
22%
troops
22%
solemn
21%
crypt
20%
Soldier
20%
Tore
20%
triggers
20%
burning
19%
Spineless
19%
embers
17%
bombs
16%
burned
13%
No matching quizzes found
Score Distribution
Percent of People with Each Score
Percentile by Number Answered
Your Score History
You have not taken this quiz